000
00187 a2200097 4500
020
_a
9780545645508
041
_a
spa
100
_a
Lander Ace
245
_a
Ataque Extraterrestre
942
_c
BK
999
_c
8100
_d
8100